Smlouva o zamezení dvojího zdanění mezi ČR a SR.

Zmluva o zamedzení dvojitého zdanenia medzi ČR a SR, uzavretá koncom r. 1992, nadobudla platnosť 1. januára 1993. Znenie zmluvy bude publikované v Zbierke zákonov vyhláškou ministerstva zahraničných vecí. Niektoré ustanovenia zmluvy.

Salvato in:
Dettagli Bibliografici
Autore principale: Kudlík, J.
Natura: Capitolo di libro
Lingua:ceco
Soggetti:
Tags: Aggiungi Tag
Nessun Tag, puoi essere il primo ad aggiungerne!!

MARC

LEADER 00000naa a2200000 4500
001 r012534
005 20220826093141.3
041 0 |a cze 
044 |a SK 
245 1 0 |a Smlouva o zamezení dvojího zdanění mezi ČR a SR.  |c J. Kudlík 
520 |a Zmluva o zamedzení dvojitého zdanenia medzi ČR a SR, uzavretá koncom r. 1992, nadobudla platnosť 1. januára 1993. Znenie zmluvy bude publikované v Zbierke zákonov vyhláškou ministerstva zahraničných vecí. Niektoré ustanovenia zmluvy. 
610 2 0 |a dane 
610 2 0 |a Slovensko 
610 2 0 |a Čechy 
610 2 0 |a 1993 
100 1 |a Kudlík, J.